00753 a2200385 4500000002100000001000700021005001700028008004100045010000500086020000500091082001600096100002500112110000500137245006500142250000500207260003200212300001100244490000700255500000500262600000500267610000500272611000500277630000500282650000500287651000500292654000500297700002200302710000900324711000500333720000500338730000500343740000500348752000500353856000900358BKB 07011120200902150800.0  a a a541.3bM24P1 aMcQuarrie, Donald A. a1 aPhysical chemistrycby Donald A. McQuarrie and John D. Simon a aNew DelhibViva Booksc2010 a1270p. av a a a a a a a a aSimon John D.bc abc a a a a a adf